[Event "CHN Team Women 2016"]
[Site "Wuxi CHN"]
[Date "2016.07.29"]
[Round "2.1"]
[Board "3"]
[White "Zhang, Xiaowen"]
[Black "Liu, Hongyan"]
[Result "1/2-1/2"]
[WhiteTitle "WGM"]
[WhiteElo "2364"]
[BlackElo "2071"]
[WhiteTeam "Shanghai"]
[BlackTeam "Tianjing Chunhua"]
[WhiteFideId "8603219"]
[BlackFideId "8604789"]
[EventDate "2016.07.28"]

1. e4 c5 2. Nf3 e6 3. d4 cxd4 4. Nxd4 a6 5. Be2 Nf6 6. Nc3 Qc7 7. O-O Bb4 8. Qd3
Nc6 9. Nxc6 bxc6 10. Bg5 Be7 11. f4 d5 12. Kh1 h6 13. Bh4 a5 14. e5 Ng8 15. Qg3
g6 16. Bd3 Bxh4 17. Qxh4 Qd8 18. Qf2 Ne7 19. Na4 Ba6 20. Nc5 Bxd3 21. cxd3 Qc7
22. b3 h5 23. Rac1 Nf5 24. d4 Kf8 25. Rc3 Kg7 26. Rfc1 Qa7 27. Kg1 Rac8 28. g3
Qb6 29. a3 Rh7 30. Rd1 Qa7 31. Na4 Qe7 32. Rc5 Rb8 33. Rd3 Rb5 34. Qb2 Qb7 35.
Qc2 Ne7 36. Rcc3 Rh8 37. h3 Qa7 38. Qf2 Rbb8 39. Qd2 Rh7 40. Qg2 Rhh8 41. Rc1
Rh7 42. Rc5 Rb5 43. Rcc3 Rb8 1/2-1/2

[Event "CHN Team Women 2016"]
[Site "Wuxi CHN"]
[Date "2016.07.29"]
[Round "2.2"]
[Board "1"]
[White "Ren, Xiaoyi"]
[Black "Zhao, Xue"]
[Result "0-1"]
[BlackTitle "GM"]
[WhiteElo "2202"]
[BlackElo "2510"]
[WhiteTeam "Chengdu"]
[BlackTeam "Beijing Beiao"]
[WhiteFideId "8608709"]
[BlackFideId "8601283"]
[EventDate "2016.07.28"]

1. d4 e6 2. g3 c5 3. Bg2 cxd4 4. Nf3 Bb4+ 5. Bd2 Bc5 6. c3 dxc3 7. Nxc3 Nf6 8.
O-O d5 9. Rc1 O-O 10. Bf4 Nc6 11. a3 Bd7 12. b4 Be7 13. Qd3 Nh5 14. Bd2 Be8 15.
Rfd1 f5 16. Be1 Kh8 17. e3 Nf6 18. Ne2 Bf7 19. b5 Na5 20. Ne5 Bg8 21. Qc3 Bd6
22. Nf4 b6 23. a4 Nd7 24. Nfd3 Nxe5 25. Nxe5 Qe7 26. Bf1 Rfc8 27. Qd4 Rxc1 28.
Rxc1 Nb3 29. Qd1 Nxc1 30. Nc6 Qc7 31. Qxc1 a6 32. Bc3 axb5 33. axb5 Bf7 34. Qb2
Be8 35. Nd4 Rc8 36. Bb4 Bd7 37. Bxd6 Qxd6 38. Nf3 Qc5 39. h4 h6 40. Qe5 Kh7 41.
Nd4 Qc7 42. f4 Qc3 43. h5 Qe1 44. Nxe6 Qxg3+ 45. Kh1 Qh4+ 46. Kg1 Qg4+ 47. Bg2
Rc1+ 48. Kf2 Rc2+ 0-1

[Event "CHN Team Women 2016"]
[Site "Wuxi CHN"]
[Date "2016.07.29"]
[Round "2.2"]
[Board "2"]
[White "Wang, Jue"]
[Black "Nie, Xin"]
[Result "1-0"]
[WhiteTitle "WGM"]
[WhiteElo "2381"]
[BlackElo "2078"]
[WhiteTeam "Beijing Beiao"]
[BlackTeam "Chengdu"]
[WhiteFideId "8604070"]
[BlackFideId "8605610"]
[EventDate "2016.07.28"]

1. e4 e5 2. Nf3 Nc6 3. Bb5 a6 4. Ba4 Nf6 5. O-O Be7 6. d3 b5 7. Bb3 d6 8. a3 Na5
9. Ba2 Be6 10. Nc3 O-O 11. b4 Bxa2 12. Rxa2 Nc6 13. Bg5 Qd7 14. Bxf6 Bxf6 15.
Nd5 a5 16. Nxf6+ gxf6 17. Rb2 f5 18. Nh4 fxe4 19. dxe4 Kh8 20. Rb3 Rg8 21. Nf5
Ne7 22. Nh6 Rg7 23. Rg3 Qe6 24. Qh5 Qf6 25. Rf3 Qg6 26. Nxf7+ Kg8 27. Nh6+ Kh8
28. Qxg6 Nxg6 29. Nf5 Rgg8 30. Rb1 Nf4 31. g3 Nh3+ 32. Kg2 Ng5 33. Re3 Rgf8 34.
f3 d5 35. Ne7 dxe4 36. fxe4 Rad8 37. Re2 a4 38. h4 Nf3 39. Rf1 Nd4 40. Ref2 Rg8
41. Nxg8 1-0

[Event "CHN Team Women 2016"]
[Site "Wuxi CHN"]
[Date "2016.07.29"]
[Round "2.2"]
[Board "3"]
[White "Li, Yunshan"]
[Black "Liao, Rui"]
[Result "0-1"]
[WhiteTitle "WFM"]
[WhiteElo "2045"]
[BlackElo "1837"]
[WhiteTeam "Chengdu"]
[BlackTeam "Beijing Beiao"]
[WhiteFideId "8607664"]
[BlackFideId "8605637"]
[EventDate "2016.07.28"]

1. d4 d5 2. c4 dxc4 3. Nf3 Nf6 4. e3 e6 5. Bxc4 c5 6. O-O a6 7. a4 Nc6 8. dxc5
Qxd1 9. Rxd1 Bxc5 10. Be2 O-O 11. Nc3 b6 12. Nd2 Rd8 13. Nb3 Rxd1+ 14. Bxd1 Bb7
15. a5 Rc8 16. Na4 Nd7 17. axb6 Bxb6 18. Nxb6 Nxb6 19. Nc5 Nd8 20. b4 h6 21. Be2
Nd5 22. Bd2 Nc7 23. Nxb7 Nxb7 24. Rc1 Nd6 25. Rc6 Ndb5 26. Bc3 Na7 27. Rc5 Ncb5
28. Be5 f6 29. Rxc8+ Nxc8 30. Bb8 Ne7 31. Bf3 Nd5 32. Bxd5 exd5 33. Kf1 Kf7 34.
Ke2 Ke6 35. Kd3 g5 36. g4 Kd7 37. f3 Ke6 38. Bg3 Kd7 39. f4 Kc6 40. fxg5 fxg5
41. Be5 Nc7 42. Bg7 Ne6 43. Bf6 Kb5 44. Be7 Kc6 45. e4 Nf4+ 46. Kd4 Ne6+ 47. Ke3
Nf4 48. e5 Ne6 49. Bd6 Kb5 50. Kd3 a5 51. bxa5 Kxa5 52. Be7 Kb5 53. h4 Kc6 54.
Bf6 Nf4+ 55. Kd4 Ne6+ 56. Kc3 Kb5 57. Be7 Kc6 58. Kb4 Kb6 59. Ka4 Ka6 60. Kb4
Kb6 61. h5 Kc6 62. Ka5 d4 63. Bb4 Kd5 0-1

[Event "CHN Team Women 2016"]
[Site "Wuxi CHN"]
[Date "2016.07.29"]
[Round "2.3"]
[Board "1"]
[White "Guo, Qi"]
[Black "Zhai, Mo"]
[Result "1-0"]
[WhiteTitle "IM"]
[BlackTitle "WGM"]
[WhiteElo "2417"]
[BlackElo "2355"]
[WhiteTeam "Jiangsu Lvyang"]
[BlackTeam "Hebei Ticai"]
[WhiteFideId "8604002"]
[BlackFideId "8600201"]
[EventDate "2016.07.28"]

1. d4 Nf6 2. c4 e6 3. Nf3 b6 4. g3 Bb7 5. Bg2 Be7 6. O-O O-O 7. Re1 d5 8. cxd5
exd5 9. Nc3 Ne4 10. Nd2 Nxc3 11. bxc3 Nd7 12. c4 Nf6 13. Bb2 Qd7 14. Qc2 c5 15.
dxc5 bxc5 16. Rab1 Rad8 17. Red1 Qc8 18. Nf1 d4 19. Bxb7 Qxb7 20. Bxd4 Qe4 21.
Qxe4 Nxe4 22. Ba1 Bf6 23. Bxf6 gxf6 24. Rdc1 Rb8 25. Rb3 Rxb3 26. axb3 Nd6 27.
Nd2 Rb8 28. f3 Nf5 29. Kf2 Ne7 30. e3 Nc6 31. Ra1 f5 32. Ke2 Kg7 33. Ra6 Rb6 34.
Ra3 Kf6 35. Nb1 Ke6 36. Nc3 Kd6 37. Nb5+ Ke6 38. h3 Kf6 39. g4 fxg4 40. hxg4 Kg6
41. Nxa7 Nxa7 42. Rxa7 Rxb3 43. Rc7 Ra3 44. Rc6+ Kg7 45. Rxc5 h6 46. f4 Rc3 47.
Kd2 Ra3 48. Rd5 Ra2+ 49. Kd3 Rg2 1-0

[Event "CHN Team Women 2016"]
[Site "Wuxi CHN"]
[Date "2016.07.29"]
[Round "2.3"]
[Board "2"]
[White "Wang, Doudou"]
[Black "Yuan, Ye"]
[Result "0-1"]
[WhiteTitle "WIM"]
[WhiteElo "2214"]
[BlackElo "2175"]
[WhiteTeam "Hebei Ticai"]
[BlackTeam "Jiangsu Lvyang"]
[WhiteFideId "8603197"]
[BlackFideId "8608415"]
[EventDate "2016.07.28"]

1. d4 Nf6 2. c4 g6 3. Nc3 d5 4. cxd5 Nxd5 5. e4 Nxc3 6. bxc3 Bg7 7. Be3 c5 8.
Qd2 Qa5 9. Nf3 O-O 10. Rc1 Bg4 11. d5 c4 12. Nd4 b5 13. h3 Bd7 14. Be2 Na6 15.
O-O Rfd8 16. f4 Nc5 17. Nc6 Bxc6 18. Bxc5 e6 19. Bf3 exd5 20. exd5 Qc7 21. Be3
Rd7 22. Rfd1 Rad8 23. dxc6 Rxd2 24. Rxd2 Rxd2 25. Bxd2 Bf8 26. Be3 Bd6 27. g3 g5
28. fxg5 Bxg3 29. Rd1 Bd6 30. Kh1 Qe7 31. Bd4 Qe6 32. Bg2 Bc7 33. Bxa7 Qe2 34.
Rf1 Qe5 35. Bg1 Qxc3 36. Rf3 Qa1 37. Rf5 c3 38. Be4 Bb6 0-1

[Event "CHN Team Women 2016"]
[Site "Wuxi CHN"]
[Date "2016.07.29"]
[Round "2.3"]
[Board "3"]
[White "Hu, Yue"]
[Black "Yang, Yijing"]
[Result "1/2-1/2"]
[BlackTitle "WCM"]
[WhiteElo "1893"]
[BlackElo "1985"]
[WhiteTeam "Jiangsu Lvyang"]
[BlackTeam "Hebei Ticai"]
[WhiteFideId "8610339"]
[BlackFideId "8608601"]
[EventDate "2016.07.28"]

1. e4 e6 2. d4 d5 3. Nc3 Nf6 4. e5 Nfd7 5. f4 c5 6. Nf3 Nc6 7. Be3 a6 8. Qd2 b5
9. dxc5 Bxc5 10. Bxc5 Nxc5 11. Bd3 Qb6 12. Ne2 Bb7 13. Nfd4 b4 14. f5 Ne4 15.
Qe3 exf5 16. Nxf5 Qxe3 17. Nxe3 Ne7 18. a3 bxa3 19. Rxa3 O-O 20. b4 Rfc8 1/2-1/2

[Event "CHN Team Women 2016"]
[Site "Wuxi CHN"]
[Date "2016.07.29"]
[Round "2.4"]
[Board "1"]
[White "Du, Yuxin"]
[Black "Li, Xueyi"]
[Result "1/2-1/2"]
[WhiteElo "2086"]
[BlackElo "2176"]
[WhiteTeam "Shenzhen Qiyuan"]
[BlackTeam "Guangdong"]
[WhiteFideId "8610282"]
[BlackFideId "8605912"]
[EventDate "2016.07.28"]

1. e4 c5 2. Nf3 d6 3. d4 cxd4 4. Nxd4 Nf6 5. Nc3 a6 6. Bg5 e6 7. f4 h6 8. Bh4
Nbd7 9. Qf3 Qc7 10. O-O-O b5 11. e5 Bb7 12. Qh3 dxe5 13. Nxe6 fxe6 14. Qxe6+ Be7
15. Bxf6 gxf6 16. Bxb5 axb5 17. Nxb5 Qc6 18. Nd6+ Kd8 19. Nxb7+ Qxb7 20. Rxd7+
Qxd7 21. Rd1 Qxd1+ 22. Kxd1 exf4 23. b4 Ra7 24. a4 Re8 25. Qb6+ Rc7 26. a5 Kc8
27. Kc1 Rd8 28. Qe6+ Kb8 29. b5 Rdc8 30. Kb1 Rxc2 1/2-1/2

[Event "CHN Team Women 2016"]
[Site "Wuxi CHN"]
[Date "2016.07.29"]
[Round "2.4"]
[Board "2"]
[White "Liu, Manli"]
[Black "Xu, Yuze"]
[Result "1-0"]
[WhiteElo "2035"]
[BlackElo "1820"]
[WhiteTeam "Guangdong"]
[BlackTeam "Shenzhen Qiyuan"]
[WhiteFideId "8608121"]
[BlackFideId "8614466"]
[EventDate "2016.07.28"]

1. e4 c5 2. Nf3 Nc6 3. d4 cxd4 4. Nxd4 g6 5. c4 Nf6 6. Nc3 Nxd4 7. Qxd4 d6 8.
Be3 Bg7 9. Be2 O-O 10. Qd2 a5 11. O-O Nd7 12. Rfd1 b6 13. f3 Nc5 14. b3 Bb7 15.
Rab1 Bc6 16. Nd5 Bxd5 17. exd5 Qc7 18. Bd4 Bxd4+ 19. Qxd4 Na6 20. Kh1 Qc5 21.
Qd2 Kg7 22. f4 f6 23. Re1 Ra7 24. Bf1 Rb7 25. Re3 Rf7 26. Rbe1 Qb4 27. Qb2 Kg8
28. Bd3 a4 29. Bf1 axb3 30. axb3 Nc5 31. Ra1 Rf8 32. Qe2 Re8 33. f5 Kg7 34. Rh3
Rh8 35. Qe3 g5 36. Qe2 Rc7 37. Qh5 Rcc8 38. Qh6+ Kf7 39. Be2 Ke8 40. Re3 Qd2 41.
Bh5+ Kd8 42. Rxe7 Qd4 43. Rae1 Nd7 44. Rxd7+ Kxd7 45. Qg7+ 1-0

[Event "CHN Team Women 2016"]
[Site "Wuxi CHN"]
[Date "2016.07.29"]
[Round "2.4"]
[Board "3"]
[White "Wan, Qian"]
[Black "Chen, Junping"]
[Result "0-1"]
[WhiteElo "1637"]
[BlackElo "1817"]
[WhiteTeam "Shenzhen Qiyuan"]
[BlackTeam "Guangdong"]
[WhiteFideId "8614296"]
[BlackFideId "8607001"]
[EventDate "2016.07.28"]

1. e4 c5 2. c3 Nf6 3. e5 Nd5 4. d4 e6 5. Nf3 cxd4 6. cxd4 d6 7. Bc4 Nb6 8. Bb5+
Bd7 9. Bxd7+ Qxd7 10. O-O Nc6 11. Nc3 Be7 12. Bf4 O-O 13. Re1 Rfd8 14. Qe2 dxe5
15. dxe5 Qd3 16. Qxd3 Rxd3 17. Red1 Rad8 18. Ne1 R3d4 19. Rxd4 Rxd4 20. Be3 Rd7
21. Bxb6 axb6 22. Nf3 Kf8 23. Kf1 h5 24. h3 Ke8 25. Rd1 Rxd1+ 26. Nxd1 Bd8 27.
Ne3 Bc7 28. Nc4 b5 29. Na3 b4 30. Nc2 b3 31. axb3 Nxe5 32. Nd2 Kd7 33. Nc4 Kc6
34. Ke2 Kc5 35. N4e3 Nc6 36. Kd3 f5 37. f3 Be5 38. Nd1 b5 39. Nc3 b4 40. Ne2 g5
41. Ne3 Bxb2 42. Nc4 Bf6 43. Ng3 h4 44. Nf1 Nd4 45. Nfd2 Nc6 46. Nf1 Bc3 47.
Nfe3 Nd4 48. Nd1 Be1 49. Na5 Nb5 50. Nc4 Bg3 51. Ndb2 Nc7 52. Na4+ Kb5 53. Nab6
Bf2 54. Nd7 Nd5 55. Ke2 Bd4 56. Nf8 Nf4+ 57. Kf1 Bc5 58. Nd7 Kc6 59. Nce5+ Kd5
60. Nxc5 Kxc5 61. Nf7 Kd4 62. Nxg5 Kc3 63. Nf7 Kxb3 64. Ne5 Kc3 0-1

[Event "CHN Team Women 2016"]
[Site "Wuxi CHN"]
[Date "2016.07.29"]
[Round "2.5"]
[Board "1"]
[White "Yao, Lan"]
[Black "Ding, Yixin"]
[Result "1/2-1/2"]
[BlackTitle "WGM"]
[WhiteElo "2131"]
[BlackElo "2421"]
[WhiteTeam "Qingdao"]
[BlackTeam "Zhejiang Feiao"]
[WhiteFideId "8610835"]
[BlackFideId "8602972"]
[EventDate "2016.07.28"]

1. e4 c5 2. Nf3 d6 3. d4 cxd4 4. Nxd4 Nf6 5. Nc3 a6 6. Be2 Nbd7 7. O-O g6 8. f4
Bg7 9. Be3 O-O 10. a4 Re8 11. Nb3 Qc7 12. a5 b5 13. axb6 Nxb6 14. Na5 Be6 15.
Bf3 Nc4 16. Nxc4 Bxc4 17. Re1 Rab8 18. Na4 Nd7 19. Bd4 e5 20. fxe5 dxe5 21. Be3
Bf8 22. Be2 Red8 23. Bxc4 Qxc4 24. Qd3 Qc6 25. Qc3 Qb7 26. Qc4 Rbc8 27. Qb3 Qxb3
28. cxb3 Rb8 29. Red1 Be7 30. Nc3 Bc5 31. Kf2 Bxe3+ 32. Kxe3 Nf6 33. Rxd8+ Rxd8
34. h3 Nh5 35. Nd5 Rb8 36. b4 Nf4 37. Nxf4 exf4+ 38. Kxf4 Rxb4 39. Rxa6 Rxb2 40.
Kf3 Kg7 41. Rc6 Rb1 42. Kf2 Rb5 43. Kf3 g5 44. Ra6 f6 45. Ra7+ Kg6 46. Ra6 h5
47. Ra8 Rb3+ 48. Kf2 Kf7 49. Ra5 h4 50. Ra6 Ke7 51. Rc6 Rd3 52. Ra6 Rd6 53. Ra5
Ke6 54. Kf3 Rd3+ 55. Kf2 Rc3 56. Rb5 Kd6 57. Rf5 Ke6 58. Ra5 Kd6 59. Rf5 Ke6 1/2-1/2

[Event "CHN Team Women 2016"]
[Site "Wuxi CHN"]
[Date "2016.07.29"]
[Round "2.5"]
[Board "2"]
[White "Qiu, Mengjie"]
[Black "Hong, Xing"]
[Result "1/2-1/2"]
[WhiteTitle "WFM"]
[WhiteElo "2231"]
[BlackElo "2002"]
[WhiteTeam "Zhejiang Feiao"]
[BlackTeam "Qingdao"]
[WhiteFideId "8606137"]
[BlackFideId "8606129"]
[EventDate "2016.07.28"]

1. e4 c5 2. Nf3 e6 3. d4 cxd4 4. Nxd4 Nc6 5. Nc3 Nf6 6. Ndb5 Bb4 7. a3 Bxc3+ 8.
Nxc3 d5 9. exd5 exd5 10. Bd3 O-O 11. O-O d4 12. Ne2 Bg4 13. f3 Bh5 14. Bg5 Qd6
15. Qd2 Rfe8 16. Rad1 Nd5 17. Be4 f6 18. Bh4 f5 19. Bxd5+ Qxd5 20. Nxd4 Nxd4 21.
Qxd4 Qxd4+ 22. Rxd4 Re2 23. Rc4 Rae8 24. Rc7 h6 25. Rd1 R8e6 26. Kf1 Be8 27.
Rxb7 Rxc2 28. Re1 Bf7 29. Rxe6 Bxe6 30. Bg3 Bc4+ 31. Kg1 Rc1+ 32. Kf2 g5 33. Be5
f4 34. g3 Rc2+ 35. Kg1 Rc1+ 36. Kg2 Rc2+ 37. Kg1 Rc1+ 38. Kf2 Rc2+ 1/2-1/2

[Event "CHN Team Women 2016"]
[Site "Wuxi CHN"]
[Date "2016.07.29"]
[Round "2.5"]
[Board "3"]
[White "Ha, Yihan"]
[Black "Huang, Mofei"]
[Result "0-1"]
[WhiteElo "1355"]
[BlackElo "1963"]
[WhiteTeam "Qingdao"]
[BlackTeam "Zhejiang Feiao"]
[WhiteFideId "8617120"]
[BlackFideId "8609535"]
[EventDate "2016.07.28"]

1. d4 f5 2. c4 Nf6 3. Nf3 g6 4. g3 Bg7 5. Bg2 O-O 6. O-O d6 7. Nc3 Nc6 8. d5 Na5
9. Qa4 c5 10. dxc6 Nxc6 11. Rd1 Qa5 12. Qb3 Qb4 13. Qxb4 Nxb4 14. Nd4 Ng4 15.
Rb1 Ne5 16. Nd5 Nbc6 17. Nxc6 Nxc6 18. Bg5 Kf7 19. Nc7 Rb8 20. Bf4 h6 21. Bd5+
Kf6 22. c5 g5 23. Be3 Rd8 24. b4 Bd7 25. b5 Rbc8 26. bxc6 bxc6 27. Bd4+ e5 28.
cxd6 exd4 29. Bc4 Ke5 30. Rb7 Kxd6 31. Na6 Ra8 32. Nc7 Rab8 33. Rxa7 Rb4 34. Bb3
c5 35. Nd5 Rxb3 36. axb3 Kxd5 0-1

[Event "CHN Team Women 2016"]
[Site "Wuxi CHN"]
[Date "2016.07.29"]
[Round "2.6"]
[Board "1"]
[White "Xu, Fei"]
[Black "Xie, Libeilei"]
[Result "0-1"]
[WhiteElo "1937"]
[BlackElo "1534"]
[WhiteTeam "Heilongjiang Qipai"]
[BlackTeam "Shaanxi"]
[WhiteFideId "8606099"]
[BlackFideId "8610762"]
[EventDate "2016.07.28"]

1. e4 c5 2. Nf3 d6 3. Bb5+ Bd7 4. Bxd7+ Qxd7 5. O-O Nc6 6. c3 e6 7. d4 cxd4 8.
cxd4 Nf6 9. Re1 d5 10. e5 Ne4 11. Nbd2 Nxd2 12. Bxd2 Be7 13. Bf4 O-O 14. a3 Na5
15. Qd3 Rfc8 16. Ng5 Bxg5 17. Bxg5 h6 18. Bf4 Qe7 19. Re3 Qh4 20. Rf3 Qh5 21.
Rh3 Qf5 22. Qg3 Kf8 23. Bd2 Nc6 24. Rh4 a5 25. Rg4 Qh7 26. Qb3 Ne7 27. Bc3 Rcb8
28. Qb5 b6 29. Re1 Ra7 30. h3 Nf5 31. Rf4 h5 32. Qc6 Re7 33. b4 Ree8 34. bxa5
Rec8 35. Bb4+ Kg8 36. Qd7 bxa5 37. Bxa5 g5 38. Rf3 Nxd4 39. Rg3 Qg6 40. Bd2 g4
41. Qa7 Nf5 42. Rc3 d4 43. Rxc8+ Rxc8 44. hxg4 Qxg4 45. Qb7 Rc2 46. Bb4 Qf4 47.
Rf1 d3 48. Qb8+ Kh7 49. Qf8 Nd4 50. g3 Ne2+ 51. Kg2 Nxg3 0-1

[Event "CHN Team Women 2016"]
[Site "Wuxi CHN"]
[Date "2016.07.29"]
[Round "2.7"]
[Board "1"]
[White "Ning, Kaiyu"]
[Black "Zhou, Zirun"]
[Result "1/2-1/2"]
[WhiteElo "1820"]
[BlackElo "1938"]
[WhiteTeam "Henan Qixie"]
[BlackTeam "Shanxi Huxiaoling"]
[WhiteFideId "8614750"]
[BlackFideId "8610975"]
[EventDate "2016.07.28"]

1. e4 c5 2. Nf3 d6 3. d4 cxd4 4. Nxd4 Nf6 5. Nc3 a6 6. Be2 e6 7. O-O Qc7 8. f4
Be7 9. Kh1 O-O 10. Qe1 b5 11. a3 Bb7 12. Bd3 Nbd7 13. f5 e5 14. Nf3 Nc5 15. Bg5
Rfe8 16. Bxf6 Bxf6 17. Rd1 Rad8 18. b4 Nd7 19. Bxb5 axb5 20. Nxb5 Qb6 21. Nxd6
Rf8 22. Nxb7 Qxb7 23. c4 Nb6 24. c5 Nc4 25. Qc3 Qxe4 26. b5 Ne3 27. Rxd8 Rxd8
28. Re1 Rd3 29. Qc1 Qc4 30. b6 Bd8 31. Nxe5 Qd5 32. Nf3 h5 33. Qb2 Rd1 34. Rxd1
Qxd1+ 35. Ng1 Nc4 36. Qb5 Nxa3 37. Qe8+ Kh7 38. b7 Bc7 39. b8=Q Bxb8 40. Qxb8
Qd5 41. Qd6 Qxf5 42. c6 Nb5 43. Qd7 Qf4 44. Qd5 Nc7 45. Qxh5+ Kg8 46. Qd1 Ne6
47. Nf3 Qc4 48. Ne5 Qc5 49. Qa1 f6 50. Qa8+ Kh7 51. Nf3 Nd4 52. Qa4 Nxc6 53. Ng1 1/2-1/2

[Event "CHN Team Women 2016"]
[Site "Wuxi CHN"]
[Date "2016.07.29"]
[Round "2.7"]
[Board "2"]
[White "Zhang, Xiao"]
[Black "Cai, Youyang"]
[Result "1-0"]
[WhiteElo "1877"]
[BlackElo "1791"]
[WhiteTeam "Shanxi Huxiaoling"]
[BlackTeam "Henan Qixie"]
[WhiteFideId "8610894"]
[BlackFideId "8616930"]
[EventDate "2016.07.28"]

1. d4 d5 2. c4 e6 3. Nc3 c6 4. Nf3 Bd6 5. e4 dxe4 6. Nxe4 Bb4+ 7. Bd2 Bxd2+ 8.
Qxd2 Ne7 9. c5 O-O 10. Bd3 Nf5 11. Bc2 b6 12. O-O-O Na6 13. Ne5 Qc7 14. g4 Ne7
15. Qd3 Nb4 16. Nf6+ gxf6 17. Qxh7# 1-0

[Event "CHN Team Women 2016"]
[Site "Wuxi CHN"]
[Date "2016.07.29"]
[Round "2.7"]
[Board "3"]
[White "Bai, Xue"]
[Black "Zhang, Yuxuan"]
[Result "1/2-1/2"]
[WhiteElo "1762"]
[BlackElo "1864"]
[WhiteTeam "Henan Qixie"]
[BlackTeam "Shanxi Huxiaoling"]
[WhiteFideId "8608717"]
[BlackFideId "8610908"]
[EventDate "2016.07.28"]

1. e4 c5 2. Nf3 e6 3. d4 cxd4 4. Nxd4 Nc6 5. Nc3 a6 6. Be2 Qc7 7. Be3 Nf6 8. O-O
b5 9. a3 Bb7 10. Nxc6 dxc6 11. f4 Be7 12. e5 Rd8 13. Qe1 Nd7 14. Bf3 O-O 15. Qf2
c5 16. Bxb7 Qxb7 17. Qf3 Qc7 18. Ne4 Nb6 19. Rad1 Nd5 20. Bf2 b4 21. Bg3 Rb8 22.
Ra1 c4 23. axb4 Nxb4 24. c3 Nd5 25. Qe2 Qc6 26. Ra2 Rfc8 27. Rfa1 Ra8 28. Ra4
Qb5 29. Ra5 Qb7 30. Nc5 Qb6 31. Qf2 Rab8 32. R1a2 Qc6 33. Nxa6 Rb6 34. Rc5 Qb7
35. Rxc8+ Qxc8 36. Nc5 f5 37. exf6 Nxf6 38. Ne4 Qb7 39. Ra8+ Qxa8 40. Nxf6+ gxf6
41. Qxb6 Qe4 1/2-1/2

[Event "CHN Team Women 2016"]
[Site "Wuxi CHN"]
[Date "2016.07.29"]
[Round "3.1"]
[Board "1"]
[White "Zhao, Xue"]
[Black "Ju, Wenjun"]
[Result "1/2-1/2"]
[WhiteTitle "GM"]
[BlackTitle "GM"]
[WhiteElo "2510"]
[BlackElo "2578"]
[WhiteTeam "Beijing Beiao"]
[BlackTeam "Shanghai"]
[WhiteFideId "8601283"]
[BlackFideId "8603006"]
[EventDate "2016.07.28"]

1. d4 Nf6 2. c4 e6 3. Nf3 d5 4. Nc3 c5 5. cxd5 cxd4 6. Qxd4 exd5 7. Bg5 Be7 8.
e3 O-O 9. Bd3 h6 10. Bh4 Nc6 11. Qa4 Be6 12. O-O a6 13. Rfd1 b5 14. Qc2 Qb6 15.
h3 Rfd8 16. Ne2 Rac8 17. Qb1 Nd7 18. Bxe7 Nxe7 19. Nf4 Nc5 20. Nd4 b4 21. Rd2
Kh8 22. Qd1 Qd6 23. Qh5 Nxd3 24. Rxd3 Nc6 25. Rad1 Qe5 26. Qe2 Nxd4 27. Rxd4 a5
28. Qd2 g5 29. Nxd5 Rxd5 30. Rxd5 Bxd5 31. Qxd5 Qxd5 32. Rxd5 Rc2 1/2-1/2

[Event "CHN Team Women 2016"]
[Site "Wuxi CHN"]
[Date "2016.07.29"]
[Round "3.1"]
[Board "2"]
[White "Ni, Shiqun"]
[Black "Wang, Jue"]
[Result "1/2-1/2"]
[WhiteTitle "WGM"]
[BlackTitle "WGM"]
[WhiteElo "2389"]
[BlackElo "2381"]
[WhiteTeam "Shanghai"]
[BlackTeam "Beijing Beiao"]
[WhiteFideId "8608466"]
[BlackFideId "8604070"]
[EventDate "2016.07.28"]

1. e4 c5 2. Nf3 d6 3. Bb5+ Nd7 4. O-O a6 5. Bd3 Ngf6 6. a4 e5 7. c3 Be7 8. Bc2
O-O 9. d4 b6 10. d5 Ne8 11. Na3 g6 12. Bh6 Ng7 13. Nc4 Rb8 14. h3 f5 15. exf5
gxf5 16. Qd2 Rf6 17. Bg5 Rg6 18. Bxe7 Qxe7 19. Rfe1 Bb7 20. Kh1 Kh8 21. Qe2 Qf6
22. Qd2 Rg8 23. Ne3 e4 24. Nh2 Ne5 25. Qe2 Qg5 26. g3 Qh6 27. Ng2 Nh5 28. Qe3
Qg7 29. Nf4 Nxf4 1/2-1/2

[Event "CHN Team Women 2016"]
[Site "Wuxi CHN"]
[Date "2016.07.29"]
[Round "3.1"]
[Board "3"]
[White "Wang, Yu A."]
[Black "Zhang, Xiaowen"]
[Result "1/2-1/2"]
[WhiteTitle "IM"]
[BlackTitle "WGM"]
[WhiteElo "2359"]
[BlackElo "2364"]
[WhiteTeam "Beijing Beiao"]
[BlackTeam "Shanghai"]
[WhiteFideId "8601097"]
[BlackFideId "8603219"]
[EventDate "2016.07.28"]

1. Nf3 Nf6 2. g3 g6 3. Bg2 Bg7 4. O-O O-O 5. d3 d6 6. e4 e5 7. h3 h6 8. c4 c5 9.
Nc3 Nc6 10. a3 a5 11. Bd2 Rb8 12. Rb1 Bd7 13. Nb5 Ne8 14. b4 axb4 15. axb4 b6
16. bxc5 bxc5 17. Ne1 Nd4 18. Nxd4 exd4 19. f4 f5 20. exf5 Bxf5 21. g4 Be6 22.
Nf3 Rxb1 23. Qxb1 Nf6 24. Re1 Bf7 25. Qb5 Re8 26. Rxe8+ Qxe8 27. Qxe8+ Bxe8 28.
Kf2 Bc6 29. Nh4 Bxg2 30. Kxg2 Kf7 31. f5 1/2-1/2

[Event "CHN Team Women 2016"]
[Site "Wuxi CHN"]
[Date "2016.07.29"]
[Round "3.2"]
[Board "1"]
[White "Ding, Yixin"]
[Black "Shen, Yang"]
[Result "1/2-1/2"]
[WhiteTitle "WGM"]
[BlackTitle "IM"]
[WhiteElo "2421"]
[BlackElo "2477"]
[WhiteTeam "Zhejiang Feiao"]
[BlackTeam "Jiangsu Lvyang"]
[WhiteFideId "8602972"]
[BlackFideId "8603162"]
[EventDate "2016.07.28"]

1. e4 e5 2. Nf3 Nc6 3. Bb5 a6 4. Ba4 Nf6 5. O-O Be7 6. Re1 b5 7. Bb3 d6 8. c3
O-O 9. h3 Bb7 10. d4 Re8 11. Ng5 Rf8 12. Nf3 Re8 13. Ng5 Rf8 14. Nf3 Re8 15.
Nbd2 exd4 16. cxd4 Nd7 17. Nf1 Bf6 18. Bf4 Na5 19. Bc2 Nf8 20. b4 Nc4 21. N1d2
Nxd2 22. Qxd2 Ne6 23. Be3 c5 24. Rad1 cxd4 25. Nxd4 Nxd4 26. Bxd4 Rc8 27. Bb3
Rxe4 28. Rxe4 Bxe4 29. Bxf6 Qxf6 30. Qxd6 Qxd6 31. Rxd6 Bc6 1/2-1/2

[Event "CHN Team Women 2016"]
[Site "Wuxi CHN"]
[Date "2016.07.29"]
[Round "3.2"]
[Board "2"]
[White "Yuan, Ye"]
[Black "Qiu, Mengjie"]
[Result "0-1"]
[BlackTitle "WFM"]
[WhiteElo "2175"]
[BlackElo "2231"]
[WhiteTeam "Jiangsu Lvyang"]
[BlackTeam "Zhejiang Feiao"]
[WhiteFideId "8608415"]
[BlackFideId "8606137"]
[EventDate "2016.07.28"]

1. d4 Nf6 2. c4 e6 3. g3 d5 4. Nf3 dxc4 5. Bg2 Nc6 6. O-O Rb8 7. e3 b5 8. b3 Na5
9. Nfd2 c5 10. Bb2 Bb7 11. Bxb7 Rxb7 12. bxc4 Nxc4 13. Nxc4 bxc4 14. Qe2 Nd5 15.
dxc5 Bxc5 16. Bxg7 Rg8 17. Qxc4 Bxe3 18. Be5 Rg5 19. Bh8 Bb6 20. Bc3 Rc7 21.
Qa4+ Qd7 22. Qh4 Rg6 23. Be5 Rc2 24. Na3 Re2 25. Qh5 Re4 26. Qxh7 Ke7 27. Bb2
Qa4 28. Qh5 Qb4 29. Rab1 Qd2 30. Qd1 Qh6 31. Nb5 Rh4 32. Ba3+ Kd7 33. Qf3 Rf4
34. Qg2 Qh5 35. Nxa7 Rf3 36. Rxb6 Nxb6 37. Rd1+ Nd5 38. Qf1 Rxa3 39. Qb5+ Ke7
40. Nc6+ Kf8 41. Qb8+ Kg7 42. Qb2+ Kh7 0-1